|
|
|
|
| LEADER |
00000nam2a2200000 4500 |
| 001 |
347792 |
| 005 |
20231102010033.0 |
| 010 |
|
|
|a 9781305102187
|
| 035 |
|
|
|a (RuTPU)RU\TPU\book\379747
|
| 090 |
|
|
|a 347792
|
| 100 |
|
|
|a 20220624d2020 m y0engy50 ca
|
| 101 |
0 |
|
|a eng
|
| 102 |
|
|
|a GB
|
| 105 |
|
|
|a a j 000zy
|
| 200 |
0 |
|
|a Workbook
|f A. Maris
|
| 210 |
|
|
|d 2020
|
| 215 |
|
|
|a 136 p.
|c il.
|e CD-ROM
|
| 330 |
|
|
|a The second edition of Outcomes has been fully revised and updated to provide contemporary, global content and stunning National Geographic photos and videos. Its trademark lexically-rich approach shows students how vocabulary works, and the evenly-paced grammar syllabus provides examples and tasks based on what people actually say and write. With a huge variety of talking points and practice, Outcomes teaches students the English they need to communicate outside the classroom.
|
| 461 |
|
1 |
|0 (RuTPU)RU\TPU\book\379762
|t Outcomes. Intermediate
|v Workbook
|e 2-nd ed.
|d 2020
|
| 606 |
1 |
|
|a Английский язык
|x Учебные руководства и пособия
|x Учебные руководства и пособия для высшей школы
|2 stltpush
|3 (RuTPU)RU\TPU\subj\29071
|9 52483
|
| 610 |
1 |
|
|a лексика
|
| 610 |
1 |
|
|a грамматика
|
| 610 |
1 |
|
|a рабочие тетради
|
| 610 |
1 |
|
|a упражнения
|
| 610 |
1 |
|
|a аутентичная литература
|
| 610 |
1 |
|
|a CD-ROM
|
| 686 |
|
|
|a Ш143.21-923
|v LBC/SL-A
|2 rubbk
|
| 700 |
|
1 |
|a Maris
|b A.
|g Amanda
|
| 801 |
|
1 |
|a RU
|b 63413507
|c 20220624
|
| 801 |
|
2 |
|a RU
|b 63413507
|c 20220819
|g RCR
|
| 942 |
|
|
|c BK
|
| 959 |
|
|
|a 12/20220624
|d 11
|e 2122,00
|f ЯЦ_МПИЯ:11
|